000 00716nam a22001937a 4500
005 2010080208278.0
010 _aENG-97644
020 _a9788186762387
_c550.00
035 _aEN-81177
037 _bDBAD/PUB
082 _a306.7609546
100 _aBhat, M. Sultan
_94275
245 _aUrban system in Himalayas
_cby M. Sultan Bhat
260 _aNew Delhi
_bDilpreet Publishing House
_c2010
270 _a4393/4A, Firsr Floor, Ansari Road, Darya Ganj
_bNew Delhi
_e110002
300 _axviii,246p.
_c22cm (Hb)
942 _2ddc
_cEN
_h306.7609546
_mBHA
999 _c38678
_d38678